00657nam a2200205 a 4500008004100000020002300041100002200064245008900086260004200175300003300217500002000250650001300270650002700283650003900310650005300349700002200402003000100424005001700425040000900442  a0773047409 (cased)1 aPaskaran, N. Pas.10aStatics & strength of materials for technology /cN. Pas Paskaran, Eric J. Papsdorf. aToronto :bCopp Clark Pitman,cc1992. avi, 678 p. :bill. ;c25 cm. aIncludes index. 0aStatics. 0aStrength of materials. 0aStaticsxProblems, exercises, etc. 0aStrength of materialsxProblems, exercises, etc.1 aPapsdorf, Eric J.20230120193553.0 cNUST